logo

Bir Sreshtho Munshi Abdur Rouf Library
Jhenaidah Cadet College

অসমাপ্ত কাহিনী ও অন্যান্য গল্প / (Record no. 1638)

MARC details
000 -LEADER
fixed length control field 00687nam a2200217 a 4500
001 - CONTROL NUMBER
JCCL Control Number 1638
003 - CONTROL NUMBER IDENTIFIER
JCCL marc code BD-JhCC
005 - DATE AND TIME OF LATEST TRANSACTION
control field 20171022185713.0
008 - FIXED-LENGTH DATA ELEMENTS--GENERAL INFORMATION
fixed length control field 171022s1967 b ||||| |||| 00| 0 b d
035 ## - SYSTEM CONTROL NUMBER
system control number (BD-JhCC)1638
040 ## - CATALOGING SOURCE
Original cataloging agency BD-JhCC
Modifying agency BD-JhCC
041 ## - LANGUAGE CODE
Language code of Book ben
082 ## - DEWEY DECIMAL CLASSIFICATION NUMBER
DDC Edition number 23
Classification number 891.4435
Author mark and Year UDD 1967
100 ## - MAIN ENTRY--PERSONAL NAME
Personal name উদ্দীন, আকবর
245 ## - TITLE STATEMENT
Title অসমাপ্ত কাহিনী ও অন্যান্য গল্প /
Statement of responsibility, etc আকবর উদ্দীন
260 ## - PUBLICATION, DISTRIBUTION, ETC. (IMPRINT)
Place of publication, distribution, etc ঢাকা :
Name of publisher, distributor, etc ষ্টুডেন্ট ওয়েজ,
Date of publication, distribution, etc ১৯৬৭
300 ## - PHYSICAL DESCRIPTION
Pagination 176 p. :
Dimensions 22cm.
650 ## - SUBJECT ADDED ENTRY--TOPICAL TERM
Topical term or geographic name as entry element Bengali Short stories
942 ## - ADDED ENTRY ELEMENTS (KOHA)
Source of classification or shelving scheme Dewey Decimal Classification
Koha item type Books
Holdings
Source of classification or shelving scheme Damaged status Not for loan Home library Current library Shelving location Cost, normal purchase price Total Checkouts Full call number Barcode Date last seen Copy number Koha item type
Dewey Decimal Classification     JCC Rouf Library JCC Rouf Library General Stacks 3.75   891.4435 UDD 1967 2372 10/22/2017 C-1 Books

JCC Library | Contacts | JCC Home

Last Update on 23 September 2017
Copyright @ 2017-2020 JCC Rouf Library
Rouf Library, Jhenidah Cadet College (JCC), Bangladesh